Statistics for Most Populous South American Countries

Click here to take the quiz!

General Stats

  • This quiz has been taken 16 times
  • The average score is 6 of 6

Answer Stats

RankPopulationCountry% Correct
345.5MArgentina
100%
1214MBrazil
100%
433.4MPeru
100%
619.2MChile
93%
528.6MVenezuela
93%
251.9MColombia
87%

Score Distribution

Percentile by Number Answered

Percent of People with Each Score

Your Score History

You have not taken this quiz